The evolution British policy towards Indian states, 1774-1858 (Record no. 351432)

000 -LEADER
fixed length control field 00399cam a22001337a 4500
008 - FIXED-LENGTH DATA ELEMENTS--GENERAL INFORMATION
fixed length control field 180718b1986 xxu||||| |||| 00| 0 eng d
082 ## - DEWEY DECIMAL CLASSIFICATION NUMBER
Classification number A6x5406 P193
100 ## - MAIN ENTRY--PERSONAL NAME
Personal name Panikkar, K.M.
245 ## - TITLE STATEMENT
Title The evolution British policy towards Indian states, 1774-1858
Statement of responsibility, etc. by K.M. Panikkar
260 ## - PUBLICATION, DISTRIBUTION, ETC.
Place of publication, distribution, etc. Delhi
Name of publisher, distributor, etc. Mittal
Date of publication, distribution, etc. 1986
300 ## - PHYSICAL DESCRIPTION
Extent 117p.
650 ## - SUBJECT ADDED ENTRY--TOPICAL TERM
Topical term or geographic name entry element (Written off)
650 ## - SUBJECT ADDED ENTRY--TOPICAL TERM
Topical term or geographic name entry element India - History - 1600 - 1857
Holdings
Withdrawn status Lost status Damaged status Not for loan Permanent Location Current Location Date acquired Full call number Barcode Date last seen Price effective from Koha item type
        Indian Institute of Public Administration Indian Institute of Public Administration 1993-11-15 A6x5406 P193 62297 2018-07-21 2018-07-21 Book

Powered by Koha